Practical Pneumatics /

Contenido: 1) Habilidades prácticas; 2) Unidades y cálculos; 3) Propiedades y comportamiento del aire; 4) Sistemas de aire en fábricas; 5) Rutinas; 6) Las aplicaciones y desventajas de la neumática; 7) Propiedades y comportamiento del aire; 8) Requerimientos legales de los sistemas de aire; 9) Compo...

Olles dieđut

Furkejuvvon:
Bibliográfalaš dieđut
Váldodahkki: Stacey, Chris (autor)
Materiálatiipa: Girji
Giella:eaŋgalasgiella
Almmustuhtton: Nueva York, EUA : Routledge, 2011, c2011
Fáttát:
Fáddágilkorat: Lasit fáddágilkoriid
Eai fáddágilkorat, Lasit vuosttaš fáddágilkora!

MARC

LEADER 00000nam^a2200000^a^4500
001 000582758
005 20250521000000.0
009 20260310132636.762
020 |a 978-0-415-50295-5 
037 |a Acervo ITESO - Biblioteca 
041 |a ING 
082 |a 621. 51  |b STA 
100 |a Stacey, Chris  |e (autor) 
240 1 1 |a [Practical Pneumatics] 
245 1 0 |a Practical Pneumatics /  |c C. Stacey. 
264 4 |a Nueva York, EUA :  |b Routledge,  |c 2011, c2011 
300 |a XII, 196 p. 
336 |a texto  |b txt  |2 rdacontenido 
337 |a sin mediación  |b n  |2 rdamedio 
338 |a volumen  |b nc  |2 rdasoporte 
520 |a Contenido: 1) Habilidades prácticas; 2) Unidades y cálculos; 3) Propiedades y comportamiento del aire; 4) Sistemas de aire en fábricas; 5) Rutinas; 6) Las aplicaciones y desventajas de la neumática; 7) Propiedades y comportamiento del aire; 8) Requerimientos legales de los sistemas de aire; 9) Componentes neumáticos; 10) Circuitos neumáticos; 11) Sellos y sistemas de sellos; 12) Circuitos neumáticos 2; 13) Sistemas de emergencia; 14) Componentes neumáticos; 15) Control de velocidad e hidroneumática; 16) Circuitos neumáticos 3; 17) Electroneumática; 18) Mantenimiento; 19) Búsqueda de fallas. 
521 |a 2024 BO Licenciatura en Ingeniería en Mecatrónica 
649 |a XX 
650 |a Aire 
650 |a Válvulas 
650 |a Compresores 
650 |a Motores 
650 |a Sistemas de Ventilación Adecuados (Seguridad Industrial) 
650 |a Seguridad Industrial 
650 |a Control Neumático 
650 |a Maquinaria Neumática 
650 |a Neumática -  |x Equipo y Aparatos 
650 |a Ingeniería Mecánica 
650 |a Mecánica de Fluidos 
650 |a Mecánica 
650 |a Física 
910 |a Fondo General 
920 |a Impresos - Libros 
930 |a Colección General 
905 |a 101 
901 |a 0500407118  |b IT1  |c ACC  |i C185618  |u 20250521 
901 |a 0500407130  |b IT1  |c ACC  |i C185635  |u 20250521 
902 |a https://opac.biblio.iteso.mx/vufind/Record/000582758